Mycobacterium xenopi and drinking water biofilms /
সংরক্ষণ করুন:
| অন্যান্য লেখক: | , , , , , , |
|---|---|
| বিন্যাস: | প্রবন্ধ |
| ভাষা: | English |
| বিষয়গুলি: | |
| ট্যাগগুলো: |
ট্যাগ যুক্ত করুন
কোনো ট্যাগ নেই, প্রথমজন হিসাবে ট্যাগ করুন!
|
| Thư viện lưu trữ: | Thư viện Trường Đại học Đà Lạt |
|---|
| LEADER | 01007nam a2200361 4500 | ||
|---|---|---|---|
| 001 | DLU090092902 | ||
| 005 | ##20091201 | ||
| 040 | # | # | |a DLU |b eng |
| 041 | # | # | |a eng |
| 044 | # | # | |a us |
| 245 | # | # | |a Mycobacterium xenopi and drinking water biofilms / |c M. Dailloux ... [et al.]. |
| 653 | # | # | |a Actinomycetes |
| 653 | # | # | |a Bacteria |
| 653 | # | # | |a Biofilms |
| 653 | # | # | |a Drinking water |
| 653 | # | # | |a Mycobacterium xenopi |
| 700 | # | # | |a Albert, M. |
| 700 | # | # | |a Andolfatto, S. |
| 700 | # | # | |a Dailloux, M. |
| 700 | # | # | |a Hartemann, P. |
| 700 | # | # | |a Laurain, C. |
| 700 | # | # | |a Lozniewski, A. |
| 700 | # | # | |a Mathieu, L. |
| 773 | # | # | |t Applied and Environmental Microbiology |g Vol. 69, no. 11 (November 2003), p. 6946-6948 |
| 920 | # | # | |a Phòng Tạp chí -- Trung tâm Thông tin - Thư viện Trường Đại học Đà Lạt |
| 994 | # | # | |a DLU |
| 900 | # | # | |a True |
| 911 | # | # | |a Trương Bảo Trâm Anh |
| 925 | # | # | |a G |
| 926 | # | # | |a A |
| 927 | # | # | |a BB |
| 980 | # | # | |a Thư viện Trường Đại học Đà Lạt |